[Event "ICS Rated standard match"]
[Site "204.178.125.65"]
[Date "2001.07.10"]
[Round "?"]
[White "expert101"]
[Black "Hossa"]
[Result "1/2-1/2"]
[WhiteElo "2065"]
[BlackElo "2251"]
[PlyCount "192"]
[EventDate "2001.??.??"]

1. e4 e5 2. Nf3 Nf6 3. Nc3 Bb4 4. Nxe5 Qe7 5. Nf3 Nxe4 6. Nxe4 d5 7. c3 dxe4 8.
Nd4 Bd6 9. Bb5+ c6 10. Be2 Be5 11. Nc2 O-O 12. O-O Qd6 13. g3 Rd8 14. Ne3 Bh3
15. Re1 Nd7 16. Bg4 Bxg4 17. Qxg4 Nf6 18. Qh4 Qe6 19. h3 Bd6 20. Ng4 Be7 21.
Nxf6+ Bxf6 22. Qxe4 Qxh3 23. d4 h5 24. Qg2 Qxg2+ 25. Kxg2 Re8 26. Bd2 Kh7 27.
Rxe8 Rxe8 28. Re1 Rxe1 29. Bxe1 Kg6 30. Kf3 Kf5 31. b3 g5 32. Bd2 h4 33. g4+
Ke6 34. Be3 Be7 35. c4 f6 36. d5+ cxd5 37. cxd5+ Kxd5 38. Bxa7 b5 39. Bb8 Kd4
40. a4 bxa4 41. bxa4 Bd8 42. Bd6 Kc4 43. Ke4 Kb3 44. f4 Kxa4 45. fxg5 fxg5 46.
Kf3 Kb3 47. Kg2 Kc4 48. Kh3 Ba5 49. Be5 Kd3 50. Bd6 Ke4 51. Be7 Bd2 52. Bd8 Kf3
53. Be7 Kf2 54. Bd8 Bf4 55. Be7 Kf3 56. Bf6 Ke2 57. Bd8 Kd3 58. Be7 Bc1 59. Bd8
Be3 60. Be7 Ke2 61. Bd8 Kd2 62. Be7 Kc3 63. Bd8 Kc2 64. Be7 Kd1 65. Bd8 Ke2 66.
Be7 Ke1 67. Bd8 Bd2 68. Be7 Bf4 69. Bd8 Kf1 70. Be7 Bd2 71. Bd8 Bc1 72. Be7 Ke2
73. Bd8 Kd3 74. Be7 Be3 75. Bd8 Bd2 76. Be7 Kc4 77. Bd8 Kc5 78. Be7+ Kd4 79.
Bf6+ Kd3 80. Be7 Ke2 81. Bd8 Bf4 82. Be7 Kf2 83. Bd8 Bd2 84. Be7 Kf3 85. Bd8
Bc1 86. Be7 Kf2 87. Bd8 Ke2 88. Be7 Kf1 89. Bd8 Bd2 90. Be7 Ke1 91. Bd8 Bf4 92.
Be7 Kd2 93. Bd8 Kc2 94. Be7 Kc3 95. Bd8 Kd3 96. Be7 Kd4 {
Game drawn by the 50 move rule} 1/2-1/2

[Event "ICS rated bullet match"]
[Site "204.178.125.65"]
[Date "2001.07.10"]
[Round "?"]
[White "A-Adly"]
[Black "Hossa"]
[Result "0-1"]
[WhiteElo "2198"]
[BlackElo "2558"]
[PlyCount "80"]
[EventDate "2001.??.??"]

1. d4 e6 2. Nf3 Nf6 3. e3 a6 4. Nbd2 Nc6 5. b3 Bb4 6. Bb2 Ne4 7. Bd3 Nc3 8. Qc1
Ba5 9. a3 Nd5 10. b4 Bb6 11. c4 Nf6 12. O-O d5 13. c5 Ba7 14. Ne5 Bd7 15. f4
Nxe5 16. fxe5 Ng4 17. Qe1 Qg5 18. Rf3 f5 19. exf6 gxf6 20. Rg3 Qh5 21. Rh3 Qf7
22. Qh4 f5 23. Rf1 Qg6 24. Qg3 Bb8 25. Qh4 Bb5 26. Bxb5+ axb5 27. Nb3 c6 28.
Na5 Ra7 29. Re1 Bc7 30. Nb3 h5 31. Nd2 Nxh2 32. Rxh2 Bg3 33. Qh3 Bxe1 34. Nf3
Bg3 35. Rh1 f4 36. Nd2 fxe3 37. Nf1 e2 38. Nxg3 e1=Q+ 39. Kh2 Qf2 40. Rf1 h4 {
A-Adly resigns} 0-1

[Event "ICS rated bullet match"]
[Site "204.178.125.65"]
[Date "2001.07.10"]
[Round "?"]
[White "A-Adly"]
[Black "Hossa"]
[Result "0-1"]
[WhiteElo "2194"]
[BlackElo "2562"]
[PlyCount "86"]
[EventDate "2001.??.??"]

1. d4 e6 2. Nf3 Nf6 3. e3 Be7 4. b3 b6 5. Bb2 O-O 6. Nbd2 Nc6 7. a3 a5 8. Bd3
a4 9. b4 Bb7 10. O-O Ng4 11. h3 Nf6 12. c4 d5 13. Rc1 Nb8 14. Ne5 dxc4 15.
Ndxc4 Nbd7 16. Qc2 Qc8 17. Nxd7 Qxd7 18. Ne5 Qd5 19. e4 Nxe4 20. Bxe4 Qxe4 21.
Qxe4 Bxe4 22. Rxc7 Bd6 23. Rd7 Rfd8 24. Rd1 f6 25. Rxd8+ Rxd8 26. Nc4 Bc7 27.
Ne3 Bf4 28. Rc1 Kf7 29. Kf1 h5 30. g3 Bd6 31. Ke2 b5 32. f3 Bb7 33. f4 h4 34.
Kf2 hxg3+ 35. Kxg3 g5 36. Ng2 gxf4+ 37. Nxf4 Rg8+ 38. Kf2 Bxf4 39. Rc5 Rg2+ 40.
Kf1 Rxb2 41. h4 Bg2+ 42. Ke1 Bd2+ 43. Kd1 Bf3# {A-Adly checkmated} 0-1

[Event "ICS rated bullet match"]
[Site "204.178.125.65"]
[Date "2001.07.10"]
[Round "?"]
[White "A-Adly"]
[Black "Hossa"]
[Result "0-1"]
[WhiteElo "2188"]
[BlackElo "2568"]
[PlyCount "60"]
[EventDate "2001.??.??"]

1. d4 e6 2. Nf3 Nf6 3. e3 c5 4. b3 d5 5. Bb2 cxd4 6. exd4 Bd6 7. Bd3 Nc6 8. a3
Bd7 9. O-O Qe7 10. Re1 Bf4 11. Nc3 O-O-O 12. b4 h5 13. Na4 Ng4 14. g3 Bh6 15.
Nc5 g5 16. Ne5 Ngxe5 17. dxe5 h4 18. c4 dxc4 19. Bxc4 hxg3 20. hxg3 Be8 21. Qc2
Kb8 22. Rad1 Rxd1 23. Rxd1 g4 24. Ne4 Bg7 25. Nf6 Bxf6 26. exf6 Qf8 27. Qd2 Ka8
28. Qd8+ Nb8 29. Be5 Bc6 30. Qxf8 Rh1# {A-Adly checkmated} 0-1

[Event "ICS rated standard match"]
[Site "204.178.125.65"]
[Date "2001.07.10"]
[Round "?"]
[White "CM7K"]
[Black "Hossa"]
[Result "0-1"]
[WhiteElo "2437"]
[BlackElo "2248"]
[PlyCount "110"]
[EventDate "2001.??.??"]

1. e4 e5 2. Nf3 Nf6 3. Nxe5 d6 4. Nf3 Nxe4 5. Qe2 Qe7 6. d3 Nf6 7. Bg5 Bg4 8.
Bxf6 gxf6 9. Qxe7+ Bxe7 10. Be2 Nc6 11. Nc3 O-O-O 12. Nd5 Rde8 13. O-O Rhg8 14.
Rfe1 Bd8 15. Ne3 f5 16. c3 Bxf3 17. Bxf3 Ne5 18. Bd5 f4 19. Nc4 Nxd3 20. Red1
Ne5 21. Nxe5 Rxe5 22. Bxf7 Rg7 23. Bc4 b5 24. Bd3 f3 25. g3 Rge7 26. Bf1 Kb7
27. a4 a6 28. axb5 axb5 29. Rd4 Rf7 30. Rd3 Bg5 31. h4 Be7 32. Rdd1 Rg7 33. Rd4
Rh5 34. Kh2 Bf6 35. Rb4 c6 36. Bh3 Be5 37. Kh1 Rh6 38. Re4 c5 39. Re3 Rf6 40.
Bf1 c4 41. Bh3 Rgg6 42. Ra5 Kb6 43. Ra8 Rg7 44. Rb8+ Kc6 45. Kh2 Rff7 46. Rc8+
Kb7 47. Re8 Rf6 48. Be6 Kb6 49. Kg1 Ra7 50. Rb8+ Kc7 51. Rc8+ Kb7 52. Bh3 Ra1+
53. Kh2 Ra2 54. Re8 Rxb2 55. Bg4 Rxf2+ {CM7K resigns} 0-1

[Event "ICS rated standard match"]
[Site "204.178.125.65"]
[Date "2001.07.10"]
[Round "?"]
[White "leonidas"]
[Black "Hossa"]
[Result "0-1"]
[WhiteElo "2003"]
[BlackElo "2251"]
[PlyCount "112"]
[EventDate "2001.??.??"]

1. Nf3 d5 2. g3 Nf6 3. Bg2 Nc6 4. d3 e5 5. Nbd2 Be7 6. O-O O-O 7. e4 dxe4 8.
dxe4 Bg4 9. c3 Qd3 10. h3 Bh5 11. Re1 Rfd8 12. Qe2 Qxe2 13. Rxe2 Rd3 14. Re1
Rad8 15. g4 Bg6 16. Bf1 R3d7 17. Bg2 h6 18. a4 a6 19. Re2 Nh7 20. Kf1 a5 21.
Ke1 Nf8 22. Bf1 Ne6 23. Re3 Bc5 24. Re2 Nf4 25. Nh4 Bh7 26. f3 g5 27. Nf5 Bxf5
28. exf5 Nxe2 29. Bxe2 Nb4 30. Kd1 Be3 31. cxb4 Bxd2 32. bxa5 Bxc1+ 33. Kxc1
Rd2 34. Bc4 Rd1+ 35. Kc2 Rxa1 36. a6 bxa6 37. Bxa6 Rxa4 38. Bb5 Rf4 39. Be2 e4
40. fxe4 Rf2 41. e5 Rxe2+ 42. Kb3 Rd3+ 43. Kc4 Rxh3 44. e6 h5 45. exf7+ Kxf7
46. gxh5 Rc2+ 47. Kd5 Rd2+ 48. Kc6 g4 49. f6 Rc2+ 50. Kd7 g3 51. h6 g2 52. h7
Rxh7 53. b4 Kxf6+ 54. Kc8 c6 55. Kb8 g1=R 56. Kc8 Rg8# {leonidas checkmated}
0-1

[Event "ICS rated blitz match"]
[Site "204.178.125.65"]
[Date "2001.07.10"]
[Round "?"]
[White "parnenzinij"]
[Black "Hossa"]
[Result "0-1"]
[WhiteElo "2117"]
[BlackElo "2617"]
[PlyCount "82"]
[EventDate "2001.??.??"]

1. e4 e5 2. Nf3 Nf6 3. Nxe5 d6 4. Nf3 Nxe4 5. d4 d5 6. Bd3 Bd6 7. O-O O-O 8. c4
c6 9. Re1 Bb4 10. Nbd2 Bf5 11. Qc2 Nxd2 12. Bxd2 Bxd3 13. Qxd3 dxc4 14. Qxc4
Bxd2 15. Nxd2 Nd7 16. Nf3 Nb6 17. Qb3 Qd6 18. Rad1 Nd5 19. h3 Rab8 20. Re2 Qg6
21. Ne5 Qg5 22. Re4 Rfe8 23. Rde1 Re7 24. Nf3 Rxe4 25. Rxe4 Qd8 26. Ne5 f6 27.
Nf3 Qd7 28. Re1 b6 29. Rc1 Re8 30. Qc4 Re6 31. a3 Nf4 32. b4 Ne2+ 33. Kh1 Nxc1
34. Qxc1 Re2 35. Qc4+ Qe6 36. Qc3 Rxf2 37. Kh2 Re2 38. Kg3 g6 39. Kh2 Kg7 40.
Qd3 Qa2 41. Qe4 Rxe4 {parnenzinij resigns} 0-1

[Event "ICS rated standard match"]
[Site "204.178.125.65"]
[Date "2001.07.10"]
[Round "?"]
[White "Hossa"]
[Black "waitzkin"]
[Result "1-0"]
[WhiteElo "2257"]
[BlackElo "2347"]
[PlyCount "72"]
[EventDate "2001.??.??"]

1. e4 c5 2. Nf3 Nc6 3. Bc4 Nf6 4. Qe2 e6 5. d3 b5 6. Bb3 Be7 7. e5 Nd5 8. O-O
O-O 9. Bxd5 exd5 10. Nc3 d6 11. Nxb5 dxe5 12. Nxe5 Nxe5 13. Qxe5 Bf6 14. Qf4
Re8 15. Nd6 Re6 16. Nxc8 Rxc8 17. c3 Qb6 18. Qf5 Rd8 19. Rd1 Re2 20. Qh5 Rde8
21. Be3 Qxb2 22. Qxd5 Bxc3 23. Rab1 Qxa2 24. Qxc5 Bd2 25. Qc6 Rf8 26. Ra1 Bxe3
27. Rxa2 Bxf2+ 28. Kf1 Rxa2 29. d4 Be3 30. Qe4 Rf2+ 31. Ke1 Rf6 32. d5 Bc5 33.
Ke2 Rb8 34. Rc1 Bd6 35. Qg4 Rf8 36. Rc6 a6 {waitzkin resigns} 1-0

[Event "ICS rated standard match"]
[Site "204.178.125.65"]
[Date "2001.07.10"]
[Round "?"]
[White "waitzkin"]
[Black "Hossa"]
[Result "1-0"]
[WhiteElo "2309"]
[BlackElo "2268"]
[PlyCount "167"]
[EventDate "2001.??.??"]

1. e4 e5 2. Nf3 Nf6 3. d4 exd4 4. e5 Ng8 5. Nxd4 d6 6. exd6 Bxd6 7. Nc3 Nf6 8.
Ndb5 Qe7+ 9. Be2 Be5 10. Bg5 c6 11. f4 Bxc3+ 12. Nxc3 Bg4 13. Bxf6 gxf6 14. Qd3
Na6 15. O-O-O Nb4 16. Qd2 Bf5 17. Rhe1 Nxc2 18. Bg4 Nxe1 19. Rxe1 Be6 20. f5
Qd8 21. Qe2 h5 22. Bh3 Qd6 23. fxe6 fxe6 24. Qxe6+ Qxe6 25. Rxe6+ Kf8 26. Ne4
Kg7 27. Re7+ Kg6 28. Nd6 h4 29. Bf5+ Kg5 30. Rxb7 Rad8 31. Rg7+ Kf4 32. Bd7 Rh5
33. Nb7 Rb8 34. Rg4+ Ke5 35. Bxc6 f5 36. Rg6 Rh7 37. Nc5 Kd4 38. Ne6+ Kc4 39.
b3+ Kd3 40. Ng7 f4 41. Rd6+ Kc3 42. Nf5 h3 43. g3 fxg3 44. Nxg3 Rc8 45. Ne4+
Kb4 46. Rd5 Rxc6+ 47. Kb2 Ra6 48. Nc3 Rb7 49. Rh5 Ra5 50. a3+ Rxa3 51. Rh4+ Kc5
52. Kxa3 Kc6 53. Rxh3 Kd6 54. Rh6+ Ke5 55. Nb5 Rf7 56. h4 Rb7 57. Rh5+ Kf4 58.
Rc5 Kg4 59. h5 Kf4 60. Nc7 Rb8 61. h6 Rh8 62. Ne6+ Kg4 63. Rg5+ Kf3 64. Rh5 Rh7
65. Nf8 Kg4 66. Rh1 Rh8 67. h7 Kg5 68. Rg1+ Kf5 69. Rg8 Rxh7 70. Nxh7 Kf4 71.
Ra8 Ke5 72. Rxa7 Ke4 73. Nf6+ Kf4 74. b4 Ke5 75. b5 Kf5 76. Ra6 Ke5 77. b6 Kf4
78. Kb3 Kg5 79. b7 Kf4 80. b8=Q+ Kf5 81. Qb4 Kg6 82. Qg4+ Kf7 83. Qg8+ Ke7 84.
Qe8# {Hossa checkmated} 1-0

[Event "ICS rated blitz match"]
[Site "204.178.125.65"]
[Date "2001.07.10"]
[Round "?"]
[White "parnenzinij"]
[Black "Hossa"]
[Result "0-1"]
[WhiteElo "2104"]
[BlackElo "2619"]
[PlyCount "128"]
[EventDate "2001.??.??"]

1. e4 e5 2. Nf3 Nf6 3. Nxe5 d6 4. Nf3 Nxe4 5. d4 d5 6. Bd3 Bd6 7. O-O O-O 8. c4
c6 9. Re1 Bb4 10. Nbd2 Bf5 11. Qc2 Nxd2 12. Bxd2 Bxd3 13. Qxd3 dxc4 14. Qxc4
Bxd2 15. Nxd2 Nd7 16. Nf3 Nb6 17. Qb3 Qd6 18. h3 Rab8 19. Re2 Nd5 20. Rae1 Qf4
21. Re4 Qf5 22. Ne5 Rfe8 23. g4 Qc8 24. Qf3 Qc7 25. a3 Re7 26. Nc4 Rxe4 27.
Qxe4 Rf8 28. Kg2 Nf4+ 29. Kf3 Nxh3 30. Qe5 Qxe5 31. Rxe5 Rb8 32. Kg3 f6 33. Re7
Kf8 34. Rd7 Ng5 35. Nd6 Ne6 36. Nxb7 Ke8 37. Rd6 Ke7 38. Rxc6 Rxb7 39. b4 Nxd4
40. Rc4 Nb5 41. a4 Nd6 42. Rd4 Ke6 43. b5 f5 44. g5 Ne4+ 45. Kf4 Nxf2 46. Rc4
Nh3+ 47. Kg3 Nxg5 48. Rc6+ Kd5 49. Rc8 Ne4+ 50. Kf4 g5+ 51. Kxf5 Nd6+ 52. Kxg5
Nxc8 53. Kf6 Nd6 54. Kg5 Ne4+ 55. Kf4 Rf7+ 56. Ke3 Nc3 57. Kd3 Rf3+ 58. Kd2
Nxa4 59. Ke2 Ke4 60. Kd2 Rf2+ 61. Ke1 Ke3 62. Kd1 Nc3+ 63. Kc1 Kd3 64. b6 Rc2#
{parnenzinij checkmated} 0-1

[Event "ICS rated blitz match"]
[Site "204.178.125.65"]
[Date "2001.07.10"]
[Round "?"]
[White "Hossa"]
[Black "dearlv"]
[Result "1-0"]
[WhiteElo "2621"]
[BlackElo "2438"]
[PlyCount "75"]
[EventDate "2001.??.??"]

1. e4 c5 2. Nf3 d6 3. Bc4 Nc6 4. O-O Nf6 5. Nc3 Bg4 6. d3 e6 7. Bb5 Rc8 8. h3
Bh5 9. d4 Bxf3 10. gxf3 cxd4 11. Qxd4 a6 12. Bxc6+ Rxc6 13. Rd1 Be7 14. Be3 O-O
15. f4 Qc7 16. e5 dxe5 17. fxe5 Bc5 18. Qf4 Nd7 19. Bc1 Nxe5 20. Ne4 Be7 21.
Nc3 Rc8 22. Qg3 Nc4 23. Qg2 b5 24. Ne4 f5 25. Ng3 b4 26. Nh5 g6 27. Re1 a5 28.
Bf4 Qb6 29. Rab1 Rd8 30. c3 Nd2 31. Rbd1 bxc3 32. bxc3 Nc4 33. Bg5 Bxg5 34.
Qxg5 Rf8 35. Nf6+ Kh8 36. Rd7 Rc7 37. Qh6 Rxd7 38. Qxf8# {dearlv checkmated}
1-0

[Event "ICS Rated standard match"]
[Site "204.178.125.65"]
[Date "2001.07.10"]
[Round "?"]
[White "Hossa"]
[Black "monkey888"]
[Result "0-1"]
[WhiteElo "2260"]
[BlackElo "2200"]
[PlyCount "74"]
[EventDate "2001.??.??"]

1. e4 e5 2. Nc3 Nc6 3. Nf3 Nf6 4. Bb5 Nd4 5. Bc4 c6 6. Nxe5 d5 7. exd5 cxd5 8.
Bb5+ Nxb5 9. Nxb5 Qb6 10. Qe2 Be7 11. O-O O-O 12. Rd1 a6 13. Nc3 d4 14. Ne4 Qc7
15. Nxf6+ Bxf6 16. Nc4 b5 17. Na3 Be5 18. g3 Bb7 19. Rf1 Rfe8 20. Qd3 Bd6 21.
Nb1 Rad8 22. b4 Be4 23. Qa3 Qxc2 24. Qxa6 Qc4 25. Na3 Qe2 26. d3 Bh1 27. Qxb5
Qf3 28. Qc6 Qxc6 29. f3 Re1 30. Nc2 Rxf1+ 31. Kxf1 Qxf3+ 32. Ke1 Bxg3+ 33. hxg3
Qxg3+ 34. Kf1 Bg2+ 35. Ke2 Bf3+ 36. Kf1 Qg2+ 37. Ke1 Qe2# {Hossa checkmated}
0-1

[Event "ICS rated standard match"]
[Site "204.178.125.65"]
[Date "2001.07.10"]
[Round "?"]
[White "ChesterX"]
[Black "Hossa"]
[Result "1-0"]
[WhiteElo "2618"]
[BlackElo "2259"]
[PlyCount "337"]
[EventDate "2001.??.??"]

1. c4 e5 2. g3 Bc5 3. Bg2 Nf6 4. Nc3 O-O 5. e3 d6 6. Nge2 c6 7. O-O Bg4 8. d4
Bb4 9. Qb3 Na6 10. a3 Bxc3 11. Nxc3 Qc8 12. Re1 Bh3 13. Ne4 Bxg2 14. Nxf6+ gxf6
15. Kxg2 e4 16. Bd2 Rb8 17. Kg1 Qh3 18. Bb4 Rfd8 19. d5 Kg7 20. Red1 c5 21. Bc3
h5 22. Rf1 Rh8 23. f3 h4 24. Be1 b5 25. fxe4 bxc4 26. Qc3 Rh6 27. Rc1 Rb3 28.
Qd2 Nb8 29. Rxc4 Rg6 30. Rc3 Rb7 31. b3 Nd7 32. Qg2 Qxg2+ 33. Kxg2 Ne5 34. Rf5
Rb6 35. Kh3 hxg3 36. Bxg3 Rb5 37. Rf4 Ra5 38. b4 cxb4 39. axb4 Ra2 40. Rf2 Rxf2
41. Bxf2 Rh6+ 42. Kg2 Rg6+ 43. Bg3 Rg4 44. Rc6 Rxe4 45. Rxd6 Rxe3 46. Ra6 Re2+
47. Kf1 Rb2 48. Rxa7 Rxb4 49. Ra6 Rb1+ 50. Ke2 Rb2+ 51. Ke3 Ng4+ 52. Kd3 Nxh2
53. d6 Nf3 54. d7 Rd2+ 55. Ke3 Rxd7 56. Kxf3 f5 57. Be5+ f6 58. Bxf6+ Kh7 59.
Be5 f4 60. Rb6 Ra7 61. Rc6 Ra5 62. Bf6 Rb5 63. Bd4 Rd5 64. Ke4 Rd7 65. Rf6 f3
66. Bf2 Rg7 67. Rd6 Rg5 68. Kf4 Ra5 69. Rf6 Ra3 70. Kg3 Kg7 71. Re6 Rd3 72. Ra6
Rb3 73. Kf4 Kf7 74. Ra1 Ke7 75. Ra4 Kd7 76. Re4 Rb5 77. Re3 Ra5 78. Kg4 Ra8 79.
Rb3 Rg8+ 80. Kf5 Kc6 81. Rd3 Rf8+ 82. Kg4 Kb5 83. Rc3 Rf7 84. Rc5+ Kb4 85. Rc6
Kb3 86. Rc8 Kb2 87. Rc5 Kb3 88. Kg5 Rf8 89. Rc7 Kb2 90. Kg4 Kb1 91. Re7 Kc2 92.
Rd7 Kc3 93. Kg5 Kb2 94. Rc7 Kb1 95. Kg4 Kb2 96. Kg3 Kb3 97. Rc6 Rf7 98. Rc5 Kb4
99. Rc1 Rf6 100. Kg4 Kb3 101. Rc8 Kb4 102. Kg5 Re6 103. Kf4 Re2 104. Kg3 Kb3
105. Rf8 Re7 106. Rf6 Kc2 107. Rd6 Rf7 108. Rd8 Rf6 109. Kg4 Kc1 110. Rd7 Kc2
111. Rd4 Rf7 112. Rd8 Kc3 113. Kg5 Rh7 114. Kf4 Kc4 115. Rd4+ Kb5 116. Kxf3
Rh3+ 117. Ke4 Rh8 118. Rd6 Kc4 119. Bg3 Rg8 120. Rc6+ Kb5 121. Rc3 Ka6 122. Rb3
Rf8 123. Rb1 Rd8 124. Be5 Rd7 125. Rb2 Rh7 126. Ra2+ Kb6 127. Kd5 Rh4 128. Bd4+
Kc7 129. Ra7+ Kb8 130. Re7 Rh1 131. Kc6 Rh6+ 132. Kc5 Kc8 133. Ra7 Rg6 134. Kd5
Kd8 135. Bc3 Ke8 136. Be5 Kf8 137. Rd7 Ke8 138. Rc7 Rh6 139. Rb7 Rg6 140. Rh7
Kf8 141. Rc7 Ke8 142. Rb7 Rh6 143. Rg7 Kf8 144. Bc3 Rh3 145. Rc7 Re3 146. Be5
Rb3 147. Ke6 Rb6+ 148. Bd6+ Kg8 149. Ra7 Kh8 150. Rd7 Kg8 151. Kf6 Rb1 152. Bc5
Ra1 153. Kg6 Ra6+ 154. Bd6 Ra8 155. Be7 Rc8 156. Rb7 Ra8 157. Bf6 Kf8 158. Rh7
Ke8 159. Rh8+ Kd7 160. Rxa8 Kc7 161. Ra5 Kb6 162. Bd8+ Kc6 163. Kf7 Kd6 164.
Rf5 Kd7 165. Rc5 Kd6 166. Be7+ Kd7 167. Bf8 Kd8 168. Ke6 Ke8 169. Rc8# {
Hossa checkmated} 1-0

[Event "ICS rated bullet match"]
[Site "204.178.125.65"]
[Date "2001.07.10"]
[Round "?"]
[White "Hossa"]
[Black "carbide"]
[Result "1-0"]
[WhiteElo "2571"]
[BlackElo "2176"]
[PlyCount "83"]
[EventDate "2001.??.??"]

1. e3 e6 2. Nh3 d5 3. d4 Nf6 4. c4 Be7 5. Nc3 O-O 6. Nf4 b6 7. Bd2 Bb7 8. cxd5
Nxd5 9. Ncxd5 exd5 10. Bd3 Nd7 11. Qc2 g6 12. O-O Bd6 13. e4 dxe4 14. Bxe4 Bxe4
15. Qxe4 Qe7 16. Qc6 Rae8 17. Rae1 Qd8 18. Rxe8 Rxe8 19. Rc1 Nf6 20. g3 h5 21.
Qc4 Qe7 22. f3 Kg7 23. b4 Bxf4 24. Bxf4 Rc8 25. b5 Kg8 26. Be5 Ne8 27. Re1 Nd6
28. Qd3 Qd7 29. a4 Qf5 30. Qc3 Qd7 31. d5 Nf5 32. Qc4 Re8 33. f4 Nd6 34. Qc3
Nf5 35. Rd1 Nd6 36. Rc1 Rc8 37. Re1 Ne8 38. Qc4 Nd6 39. Qd3 Ne8 40. Bb2 Nd6 41.
Qc3 Ne8 42. Qh8# {carbide checkmated} 1-0

[Event "ICS rated bullet match"]
[Site "204.178.125.65"]
[Date "2001.07.10"]
[Round "?"]
[White "carbide"]
[Black "Hossa"]
[Result "0-1"]
[WhiteElo "2173"]
[BlackElo "2574"]
[PlyCount "50"]
[EventDate "2001.??.??"]

1. d4 e6 2. c4 d5 3. Nc3 Nf6 4. Nf3 dxc4 5. e4 b5 6. Nxb5 Nxe4 7. Bxc4 Bb4+ 8.
Nd2 c6 9. Nc3 Nxc3 10. bxc3 Bxc3 11. Rb1 Qxd4 12. Qb3 Nd7 13. O-O Bxd2 14. Rd1
Rb8 15. Qc2 Rxb1 16. Qxb1 Qxc4 17. Rxd2 O-O 18. Rc2 Qe4 19. Be3 c5 20. Qc1 Ba6
21. g3 Bd3 22. Rc3 Ne5 23. Bd2 Nf3+ 24. Kg2 Ne1+ 25. Kg1 Qg2# {
carbide checkmated} 0-1

[Event "ICS Rated blitz match"]
[Site "204.178.125.65"]
[Date "2001.07.10"]
[Round "?"]
[White "Hossa"]
[Black "Amateur"]
[Result "1/2-1/2"]
[WhiteElo "2637"]
[BlackElo "2577"]
[PlyCount "248"]
[EventDate "2001.??.??"]

1. Nf3 c5 2. e4 Nf6 3. e5 Nd5 4. d4 cxd4 5. Qxd4 e6 6. Bc4 Nc6 7. Qd1 Qc7 8.
Bxd5 exd5 9. O-O d6 10. exd6 Bxd6 11. Nc3 Ne5 12. Nxe5 Bxe5 13. Nxd5 Qd6 14. f4
Be6 15. Re1 Qc5+ 16. Kh1 Rd8 17. Rxe5 Rxd5 18. Rxd5 Qxd5 19. Qxd5 Bxd5 20. Be3
a6 21. Rd1 Be4 22. Bd4 O-O 23. c3 Rd8 24. Kg1 f5 25. Kf2 Kf7 26. b3 a5 27. h3
h5 28. Rd2 Kg6 29. c4 Bb1 30. Ke3 Rd6 31. Re2 Kh6 32. Be5 Rg6 33. Kf2 Bd3 34.
Re1 h4 35. Rd1 Be4 36. Rg1 Rg3 37. c5 Rd3 38. Ke2 Rg3 39. Kf2 Rd3 40. g4 g6 41.
gxf5 Bxf5 42. Rh1 Rd2+ 43. Ke3 Rxa2 44. Bf6 Ra3 45. Bxh4 Rxb3+ 46. Kd4 Rb4+ 47.
Ke5 Re4+ 48. Kf6 Rc4 49. Bf2 a4 50. Re1 Re4 51. Rxe4 Bxe4 52. Ke5 Bf5 53. Kd4
Bxh3 54. Kc4 Be6+ 55. Kb5 a3 56. Kb6 Bd5 57. Be3 a2 58. Bd4 g5 59. fxg5+ Kxg5
60. Kb5 Kf5 61. Bg7 Kf4 62. Ka4 Ke4 63. Ka3 Kf5 64. Ka4 Kg6 65. Bd4 Kf5 66. Bg7
Ke6 67. Bc3 Be4 68. Kb3 Kd5 69. c6 bxc6 70. Kxa2 c5 71. Ba1 c4 72. Bb2 Bd3 73.
Bc1 c3 74. Ba3 c2 75. Bc1 Be4 76. Bb2 Kc4 77. Bc1 Kc3 78. Be3 Bd5+ 79. Ka3 Bc4
80. Bc1 Bd3 81. Bb2+ Kc4 82. Bc1 Be4 83. Bb2 Kd3 84. Bc1 Kc3 85. Bb2+ Kd2 86.
Ka2 Bh7 87. Ba3 Be4 88. Bb2 Bc6 89. Ba3 Be8 90. Bb2 Bb5 91. Ba3 Bc6 92. Bb2 Be4
93. Ba3 Bg6 94. Bb2 Bf7+ 95. Ka3 Kd1 96. Kb4 Bd5 97. Ba3 Kd2 98. Bb2 Be6 99.
Ba3 Bf7 100. Bb2 Kd1 101. Ba3 Bd5 102. Bb2 Bg8 103. Ba3 Kd2 104. Bb2 Bd5 105.
Ba3 Ba2 106. Bb2 Kd1 107. Ba3 Be6 108. Bb2 Bd7 109. Ba3 Kd2 110. Bb2 Bc6 111.
Ba3 Bf3 112. Bb2 Kd1 113. Ba3 Be4 114. Bb2 Bg2 115. Ba3 Kd2 116. Bb2 Bd5 117.
Ba3 Be4 118. Bb2 Kd1 119. Ba3 Bd5 120. Bb2 Bb7 121. Ba3 Bf3 122. Bb2 Ke2 123.
Bc1 Kd1 124. Bb2 Bh1 {Game drawn by the 50 move rule} 1/2-1/2

[Event "ICS rated blitz match"]
[Site "204.178.125.65"]
[Date "2001.07.10"]
[Round "?"]
[White "Amateur"]
[Black "Hossa"]
[Result "0-1"]
[WhiteElo "2580"]
[BlackElo "2634"]
[PlyCount "138"]
[EventDate "2001.??.??"]

1. c4 Nf6 2. Nf3 g6 3. g3 Bg7 4. Bg2 O-O 5. O-O c5 6. Nc3 Nc6 7. d3 d6 8. Bg5
Bd7 9. Qd2 Re8 10. Bh6 Bxh6 11. Qxh6 Nd4 12. Nh4 Qb6 13. Rab1 Ng4 14. Qf4 Qb4
15. Qe4 Rab8 16. a3 Qa5 17. Qd5 Nb3 18. Rbd1 Qd8 19. Qe4 e5 20. Nb5 h5 21. Nxd6
Bc6 22. Nxf7 Bxe4 23. Nxd8 Bxg2 24. Kxg2 Kg7 25. h3 Nf6 26. Nc6 bxc6 27. Nf3 e4
28. Ng5 exd3 29. exd3 Re2 30. Rfe1 Rbe8 31. Nf3 a5 32. Rb1 a4 33. Kf1 Nd2+ 34.
Nxd2 Rxd2 35. Rxe8 Nxe8 36. Re1 Nd6 37. Re5 Rxd3 38. Rxc5 Rd4 39. Rxc6 Nxc4 40.
Rc7+ Kh6 41. Rb7 Rd2 42. Rb4 Nxb2 43. h4 Rxf2+ 44. Kxf2 Nd3+ 45. Ke2 Nxb4 46.
Kd2 Nd5 47. Kd3 g5 48. Ke2 Nc3+ 49. Ke3 Nb5 50. Kd2 Nxa3 51. Kc1 Nc2 52. Kxc2
gxh4 53. gxh4 Kg6 54. Kd2 Kf5 55. Kd3 Kg4 56. Kc2 Kxh4 57. Kc3 Kg5 58. Kb4 h4
59. Kxa4 h3 60. Kb5 h2 61. Kc4 Kf6 62. Kd5 h1=Q+ 63. Kd4 Qc1 64. Kd5 Qc3 65.
Ke4 Qd2 66. Kf3 Kf5 67. Kg3 Qe2 68. Kh3 Kf4 69. Kh4 Qh2# {Amateur checkmated}
0-1

[Event "ICS Rated blitz match"]
[Site "204.178.125.65"]
[Date "2001.07.10"]
[Round "?"]
[White "popugai"]
[Black "Hossa"]
[Result "0-1"]
[WhiteElo "2149"]
[BlackElo "2650"]
[PlyCount "108"]
[EventDate "2001.??.??"]

1. d4 e6 2. c3 Nf6 3. Bf4 Nc6 4. Bg3 Ne4 5. e3 Nxg3 6. hxg3 e5 7. Nf3 e4 8. Ng1
d5 9. Be2 Bd6 10. Nh3 Nb8 11. Nd2 c6 12. Qc2 b5 13. O-O-O a5 14. f3 exf3 15.
gxf3 Bxg3 16. Rdg1 Bc7 17. Rxg7 Qh4 18. Bf1 Kf8 19. Rgg1 Qe1+ 20. Qd1 Qxd1+ 21.
Kxd1 Bxh3 22. Rxh3 h6 23. Rgh1 Kg7 24. Rg1+ Kf8 25. Rgh1 Kg7 26. Bd3 Nd7 27.
Rg1+ Kf6 28. f4 Rae8 29. Rgh1 Kg7 30. Rg3+ Kf6 31. Rh5 Bd6 32. Rf5+ Ke6 33. Rh5
Nf6 34. Nf3 Nxh5 35. Rh3 Nf6 36. Ne5 Bxe5 37. fxe5 Ne4 38. Ke2 Reg8 39. Rh2 Rg5
40. a3 Rg3 41. Bxe4 dxe4 42. Rf2 Rg6 43. Kd2 h5 44. Rh2 h4 45. Ke2 h3 46. Kf2
Rhg8 47. Kf1 Rg1+ 48. Kf2 R8g2+ 49. Rxg2 Rxg2+ 50. Kf1 Rg4 51. Kf2 h2 52. c4
h1=Q 53. d5+ Kxe5 54. dxc6 Rg2# {popugai checkmated} 0-1

[Event "ICS Rated blitz match"]
[Site "204.178.125.65"]
[Date "2001.07.10"]
[Round "?"]
[White "Hossa"]
[Black "ChesterX"]
[Result "0-1"]
[WhiteElo "2652"]
[BlackElo "2813"]
[PlyCount "83"]
[EventDate "2001.??.??"]

1. d4 d5 2. Nf3 Nc6 3. c4 Bg4 4. cxd5 Bxf3 5. exf3 Qxd5 6. Be3 e5 7. Nc3 Bb4 8.
dxe5 Qxe5 9. Qc1 Nge7 10. Bc4 Na5 11. f4 Bxc3+ 12. bxc3 Qe4 13. Bb5+ c6 14. f3
Qg6 15. Bf1 O-O 16. Kf2 Rfe8 17. c4 b6 18. g4 Rad8 19. f5 Qf6 20. Bg5 Qd6 21.
Bf4 Qb4 22. f6 gxf6 23. Rb1 Qa4 24. Be2 Qxa2 25. Ra1 Qb3 26. Rb1 Qa4 27. Bh6 c5
28. Qc3 Qc6 29. Rbe1 Ng6 30. Qc2 Qc7 31. Rd1 Rxd1 32. Qxd1 Nc6 33. Bd3 Nge5 34.
Bf5 Nd4 35. Qb1 Nexf3 36. Be3 Ng5 37. Bxg5 fxg5 38. Bxh7+ Kf8 39. Qc1 Re2+ 40.
Kg1 Qc6 41. Qf1 Nf3+ 42. Qxf3 {Hossa resigns} 0-1

[Event "ICS rated blitz match"]
[Site "204.178.125.65"]
[Date "2001.07.10"]
[Round "?"]
[White "Amateur"]
[Black "Hossa"]
[Result "0-1"]
[WhiteElo "2566"]
[BlackElo "2643"]
[PlyCount "138"]
[EventDate "2001.??.??"]

1. d4 f5 2. c4 e6 3. Nf3 Nf6 4. Bf4 Be7 5. Nc3 O-O 6. g3 Ne4 7. Bg2 Nc6 8. d5
Nxc3 9. bxc3 Na5 10. Qa4 b6 11. O-O d6 12. dxe6 Bxe6 13. Nd4 Bd7 14. Bd5+ Kh8
15. Qc2 c6 16. Bg2 Qc7 17. Qd3 Nb7 18. Bh3 Nc5 19. Qf3 a6 20. Rae1 Rae8 21. Qh5
g6 22. Qh6 Bf6 23. Nf3 Bg7 24. Qh4 Ne4 25. Rd1 Bf6 26. Qh6 Be6 27. c5 bxc5 28.
Nh4 Bg7 29. Nxg6+ Kg8 30. Nxf8 Bxh6 31. Nxe6 Rxe6 32. Bxf5 Qe7 33. Bxe6+ Qxe6
34. Bxh6 Qxh6 35. Rd3 Qg7 36. Rc1 c4 37. Re3 d5 38. Rf3 Qb7 39. Re1 Qb2 40. Re3
Qxa2 41. h3 Qb2 42. g4 Kf7 43. Kg2 Nxc3 44. Re5 a5 45. Rf5+ Kg6 46. Re5 Kf6 47.
Re8 a4 48. Rf8+ Kg7 49. Re8 a3 50. Re7+ Kf6 51. Ra7 a2 52. Ra6 Nb1 53. Rxc6+
Ke5 54. f4+ Kd4 55. Ra6 a1=Q 56. Rxa1 Qxa1 57. f5 c3 58. f6 c2 59. Rc1 Kc3 60.
Rf1 Qa8 61. g5 d4+ 62. Kg3 Qb8+ 63. Kh4 Nd2 64. Rc1 Qf4+ 65. Kh5 Qf5 66. Rxc2+
Kxc2 67. h4 Nf1 68. f7 Ng3+ 69. Kh6 Qg6# {Amateur checkmated} 0-1